000 00364nam a2200145Ia 4500
008 191201s2010 xx 000 0 und d
082 _a658.8
_bRAM
100 _aRAMASWAMY, V S
245 0 _aMarketing Management Planning, Implementation, and Control
250 _a3rd
260 _aN.Delhi
_bMacmillan
_c2010
300 _a872
650 _aMBA
942 _2ddc
_cBK
999 _c2630
_d2630